000 00556nam a2200145Ia 4500
008 151213s9999 xx 000 0 und d
100 _aজুবাইদা গুলশান আরা।
245 _aপ্রমিথিউসের আগুন।
_cজুবাইদা গুলশান আরা।
260 _aঢাকা
_bসারদার প্রকাশনী।
_c1987
300 _a9273 p.
650 _aBangla
650 _aউপন্যাস
700 _aজুবাইদা গুলশান আরা।
999 _c4739
_d4739